| 000 | 00595nam a2200181 i 4500 | ||
|---|---|---|---|
| 001 | 47002 | ||
| 003 | ES-MaACL | ||
| 005 | 20230906161503.0 | ||
| 007 | t| | ||
| 008 | 030402s1925 fr ||||1| fre d | ||
| 245 | 0 | 0 |
_aContes slovaques / _ctraduits par Ivan Milec et Henri d'Armeutieres ; preface de M. Olga Revilliod-Masarikova. |
| 260 |
_aAmbilly : _b[s.n., _c1925] ( _fAnnemase Soc. d'imprimerie) |
||
| 300 |
_a207 p. ; _c19 cm. |
||
| 700 | 1 |
_aMilec, Ivan. _981089 |
|
| 700 | 1 |
_aArmeutieres, Henri d'. _922975 |
|
| 700 | 1 |
_aRevilliod-Masarykova, M. Olga. _996445 |
|
| 852 |
_aES-MaACL _jF-5105 |
||
| 999 |
_c47002 _d47002 |
||